00421nam a2200121Ia 4500008004100000020001800041100002200059245008500081260004200166300004500208650002900253650001700282180523s9999 xx 000 0 und d a9789719809333 aNocon, Rizaldi C. cRizaldi C. Nocon, Ederlina G. Nocon.aEssential mathematics for the modern world aQuezon City :bC & E Publishingc2018 ax, 503 pages :billustrations ; c26 cm. aMathematical statistics. aMathematics.